| 000 | 00563nam a22001937a 4500 | ||
|---|---|---|---|
| 003 | OSt | ||
| 005 | 20240617124615.0 | ||
| 008 | 240617b |||||||| |||| 00| 0 eng d | ||
| 020 | _a9780824723378 | ||
| 040 | _cMUST | ||
| 082 | _a515.352 CRO 2008 | ||
| 100 |
_aCronin,Jane _917359 |
||
| 245 |
_aOrdinary Differential Eqautions _bIntroduction and Qualitative Theory _cJane Cronin |
||
| 300 |
_axix,381p _bill. _c24cm |
||
| 440 |
_aPURE AND APPLIED MATHEMATICS _917360 |
||
| 504 | _aAppendix, References and Indexes | ||
| 650 | _2mathematics | ||
| 942 |
_2ddc _cO_SHELF |
||
| 999 |
_c8554 _d8554 |
||